GETS Theological Seminary Library

红楼梦 (Record no. 34092)

MARC details
000 -LEADER
fixed length control field 00781nam a2200253Ia 4500
008 - FIXED-LENGTH DATA ELEMENTS--GENERAL INFORMATION
fixed length control field 201221s9999||||xx |||||||||||||| ||und||
020 ## - INTERNATIONAL STANDARD BOOK NUMBER
International Standard Book Number 7549596751
020 ## - INTERNATIONAL STANDARD BOOK NUMBER
International Standard Book Number 9787549596751
041 ## - LANGUAGE CODE
Language code of text/sound track or separate title chi
050 ## - LIBRARY OF CONGRESS CALL NUMBER
Classification number PL2727.S2
Item number .C36 2017
100 ## - MAIN ENTRY--PERSONAL NAME
Personal name 曹雪芹
245 #0 - TITLE STATEMENT
Title 红楼梦
Remainder of title /
Statement of responsibility, etc. 曹雪芹著; 程伟元, 高鹗整理; 启功等注评
246 ## - VARYING FORM OF TITLE
Title proper/short title 紅樓夢
260 ## - PUBLICATION, DISTRIBUTION, ETC.
Place of publication, distribution, etc. 桂林:
Name of publisher, distributor, etc. 广西师范大学出版社,
Date of publication, distribution, etc. 2017
300 ## - PHYSICAL DESCRIPTION
Extent 3 v. :
Other physical details ill. ;
Dimensions 23 cm.
505 ## - FORMATTED CONTENTS NOTE
Formatted contents note 程乙本校注版, 中 /
650 ## - SUBJECT ADDED ENTRY--TOPICAL TERM
Topical term or geographic name entry element Cao, Xueqin, approximately 1717-1763 Hong lou meng.
650 ## - SUBJECT ADDED ENTRY--TOPICAL TERM
Topical term or geographic name entry element Chinese fiction -- Qing dynasty, 1644-1912 -- History and criticism.
650 ## - SUBJECT ADDED ENTRY--TOPICAL TERM
Topical term or geographic name entry element Chinese fiction.
700 ## - ADDED ENTRY--PERSONAL NAME
Personal name 启功
700 ## - ADDED ENTRY--PERSONAL NAME
Personal name 程伟元,
700 ## - ADDED ENTRY--PERSONAL NAME
Personal name 高鹗
Holdings
Withdrawn status Lost status Damaged status Not for loan Home library Current library Shelving location Date acquired Total Checkouts Full call number Barcode Date last seen Price effective from Koha item type
        GETS Theological Seminary Library GETS Theological Seminary Library General Stacks 12/21/2020   PL2727.S2 .C36 2017 v.2 00021923 12/21/2020 12/21/2020 Chinese Book
OpacCredits

Contact the Librarian, GETS Library
Email: library@mygets.org









Implemented by GETS Library
(Powered by ETCA Professional Group)
GETS Theological Seminary
412 E. Rowland Street, CA 91723